| 000 | 00536nam a22001817a 4500 | ||
|---|---|---|---|
| 003 | OSt | ||
| 005 | 20260320122858.0 | ||
| 008 | 260320b |||||||| |||| 00| 0 eng d | ||
| 020 | _a8170364221 | ||
| 040 |
_beng _cHDL |
||
| 082 | _a294.5 N5 | ||
| 100 |
_aDalmia, Vasudha and Stietencron, Heinrich _91132671 |
||
| 245 |
_aRepresenting Hinduism : _bThe Construction of Religious Traditions and National Identity |
||
| 260 |
_aNew Delhi; _bSage Publications, _c1995. |
||
| 300 | _a467p. | ||
| 942 |
_2CC _cTEXL _n0 |
||
| 999 |
_c1715831 _d1715831 |
||